Optimalizované riadenie systému automaticky navádzaných vozidiel vo výrobných systémoch

Saved in:
Bibliographic Details
Main Author: Parvanov, Tomáš (Author)
Other Authors: Hrúz, Branislav, 1938- (Thesis advisor)
Format: Manuscript Book
Language:Slovak
Published: Bratislava : STU v Bratislave FEI, 2006
Subjects:
Tags: Add Tag
No Tags, Be the first to tag this record!

MARC

LEADER 00000ntm a22000003a 4500
001 stu120745
005 20160719165019.1
008 060615s2006----xo------------------slo-d
040 |a STU  |b slo 
041 0 |a slo 
044 |a xo 
100 1 |a Parvanov, Tomáš  |4 aut 
245 1 |a Optimalizované riadenie systému automaticky navádzaných vozidiel vo výrobných systémoch 
260 |a Bratislava :  |b STU v Bratislave FEI,  |c 2006 
300 |a 68 s 
650 7 |a automatizácia  |2 stusub 
700 1 |a Hrúz, Branislav,  |d 1938-  |4 ths  |u E260  |U FEI Fakulta elektrotechniky a informatiky  |T FEI Katedra automatizovaných systémov riadenia  |X 4969  |U E260  |Y 595  |7 4969